Sense of life in the modern novel (Record no. 80334)

MARC details
000 -LEADER
fixed length control field 00353nam a2200145Ia 4500
008 - FIXED-LENGTH DATA ELEMENTS--GENERAL INFORMATION
fixed length control field 230917s9999||||xx |||||||||||||| ||und||
040 ## - CATALOGING SOURCE
-- 38657
Original cataloging agency VIVEKANANDA LIBRARY
041 ## - Language
-- English
082 ## - DDC NUMBER
Classification number 823.09 M699S
100 ## - MAIN ENTRY--PERSONAL NAME
Personal name Mizener, Arthur
245 #0 - TITLE STATEMENT
Title Sense of life in the modern novel
260 ## - PUBLICATION, DISTRIBUTION, ETC. (IMPRINT)
Place of publication, distribution, etc London
Name of publisher, distributor, etc Heinemann
Date of publication, distribution, etc 1963
300 ## - PHYSICAL DESCRIPTION
Pages 291 p.
942 ## - ADDED ENTRY ELEMENTS (KOHA)
Koha item type Books
Holdings
Withdrawn status Lost status Damaged status Not for loan Location (home branch) Sublocation or collection (holding branch) Date acquired Koha issues (times borrowed) Koha full call number Accession No. Koha date last seen Koha item type
        VIVEKANANDA LIBRARY VIVEKANANDA LIBRARY 29/08/2002 1 823.09 M699S 15689 17/01/2024 Books
© Designed and Maintained by Vivekananda Library, MDU Rohtak